000 00224 a2200097 4500
001 46097
100 _aIISS
245 _aThe Military balance 1974-75
260 _aLondon
_bInternational Institute
_c
090 _c29201
_d29201
942 _aNUST-CAE
_cM
_c21338
999 _c281170
_d281170